Instrumento para evaluar variables psicológicas y laborales en conductores de autobuses = Instrument to assess psychological and employment variables in bus drivers /
Na minha lista:
| Autor principal: | |
|---|---|
| Outros Autores: | |
| Formato: | Texto |
| Tags: |
Adicionar Tag
Sem tags, seja o primeiro a adicionar uma tag!
|
MARC
| LEADER | 00000 a a2200000 04500 | ||
|---|---|---|---|
| 001 | 45092 | ||
| 003 | |||
| 040 | |||
| 100 | |a Córdoba López, Cinthya | ||
| 245 | |a Instrumento para evaluar variables psicológicas y laborales en conductores de autobuses = |b Instrument to assess psychological and employment variables in bus drivers / |c Cinthya Córdoba López, Marjorie Moreno Salas | ||
| 500 | |a cinthyacordoba@gmail.com |b maryyuri12@gmail.com | ||
| 700 | |a Moreno Salas, Marjorie | ||
| 773 | |g volumen92, número2 (2013), páginas 109-122 | ||
| 999 | |c 25308 |d 25308 | ||
